[Event "Skovlunde Capablanca-A"]
[Site "Skovlunde"]
[Date "2003.09.01"]
[Round "2"]
[White "Rode, Freddy"]
[Black "Theander, Stig"]
[Result "0-1"]
[WhiteElo "1605"]
[BlackElo "1695"]
[PlyCount "104"]
[EventDate "2003.08.25"]
[EventType "tourn"]
[EventRounds "5"]
[EventCountry "DEN"]
[SourceTitle "EXT 2023"]
[Source "ChessBase"]
[SourceDate "2022.10.05"]
[SourceVersion "1"]
[SourceVersionDate "2022.10.05"]
[SourceQuality "1"]

1. d4 f5 2. Nf3 Nf6 3. e3 e6 4. a3 Be7 5. c4 0-0 6. Nc3 b6 7. d5 exd5 8. Nxd5 Bb7 9. Qc2 Nxd5 10. cxd5 Bxd5 11. Bc4 Bxc4 12. Qxc4+ d5 13. Qa4 Qd7 14. Qc2 c5 15. 0-0 Nc6 16. Bd2 Bf6 17. Rad1 Ne5 18. Nxe5 Bxe5 19. Bc3 Qd6 20. f4 Bxc3 21. Qxc3 Rad8 22. Qb3 Rfe8 23. Qa4 Rxe3 24. Qxa7 Rde8 25. Qb7 d4 26. b4 Rxa3 27. bxc5 bxc5 28. Qb5 Rae3 29. Ra1 Qd5 30. Rac1 Re2 31. Rf3 d3 32. Qxd3 Qxd3 33. Rxd3 Rb2 34. Ra1 c4 35. Rc3 Ree2 36. Ra8+ Kf7 37. Ra7+ Ke6 38. Kf1 Rf2+ 39. Ke1 Rxg2 40. Re3+ Kd6 41. Ra6+ Kc7 42. Kf1 Rxh2 43. Kg1 Rhe2 44. Rxe2 Rxe2 45. Ra7+ Kd6 46. Kf1 Re4 47. Ra6+ Kc5 48. Ra5+ Kd4 49. Rxf5 c3 50. Rf8 Kd3 51. Kf2 c2 52. Rd8+ Rd4 0-1

[Event "Taastrup op"]
[Site "Taastrup"]
[Date "2001.01.19"]
[Round "1"]
[White "Theander, Stig"]
[Black "Nilsson, Nils Specht"]
[Result "1/2-1/2"]
[WhiteElo "1564"]
[BlackElo "2214"]
[PlyCount "62"]
[EventDate "2001.01.19"]
[EventType "swiss"]
[EventRounds "9"]
[EventCountry "DEN"]
[SourceTitle "EXT 2018"]
[Source "ChessBase"]
[SourceDate "2017.10.13"]
[SourceVersion "1"]
[SourceVersionDate "2017.10.13"]
[SourceQuality "1"]

1. e4 g6 2. d4 Bg7 3. Nf3 d6 4. Bg5 Nf6 5. Nc3 0-0 6. Qd2 c6 7. Be2 d5 8. Bd3 Nbd7 9. e5 Ne8 10. Bh6 f6 11. h4 fxe5 12. Bxg7 Nxg7 13. Qh6 Rxf3 14. gxf3 exd4 15. h5 dxc3 16. hxg6 Nf6 17. 0-0-0 Nf5 18. gxh7+ Kh8 19. Qg5 cxb2+ 20. Kb1 Ng7 21. Rdg1 Nfe8 22. Re1 Nf6 23. Rhg1 Qf8 24. Re5 Bd7 25. Qe3 e6 26. Reg5 Nfe8 27. Qe5 Qe7 28. Bg6 Nf6 29. Qg3 Rf8 30. Bd3 Rf7 31. Bg6 Rf8 1/2-1/2

[Event "Taastrup op"]
[Site "Taastrup"]
[Date "2000.01.22"]
[Round "2"]
[White "Theander, Stig"]
[Black "Helleberg, Jorgen"]
[Result "1-0"]
[WhiteElo "1546"]
[BlackElo "1270"]
[PlyCount "115"]
[EventDate "2000.01.21"]
[EventType "swiss"]
[EventRounds "9"]
[EventCountry "DEN"]
[SourceTitle "EXT 2001"]
[Source "ChessBase"]
[SourceDate "2000.11.22"]
[SourceVersion "1"]
[SourceVersionDate "2000.11.22"]
[SourceQuality "1"]

1. e4 c6 2. d4 d5 3. e5 Bf5 4. Bd3 Bxd3 5. Qxd3 e6 6. f4 Qb6 7. Nf3 c5 8. c3 Nc6 9. 0-0 cxd4 10. cxd4 Nge7 11. g4 h5 12. h3 hxg4 13. hxg4 0-0-0 14. Nbd2 Ng6 15. Nb3 Be7 16. Bd2 Rh3 17. Kg2 Rdh8 18. Rh1 Rxh1 19. Rxh1 Rxh1 20. Kxh1 Kb8 21. f5 Nf8 22. Kg2 a6 23. Kg3 a5 24. a4 Nb4 25. Qc3 Qc7 26. Qxc7+ Kxc7 27. Nxa5 Nd3 28. Bc3 f6 29. Nb3 Kc6 30. Kg2 b6 31. Kf1 b5 32. axb5+ Kxb5 33. Ke2 Nb4 34. Bxb4 Kxb4 35. Nbd2 g6 36. Nh4 gxf5 37. gxf5 Kb5 38. Ng6 Bb4 39. exf6 exf5 40. Nxf8 Bxf8 41. Kf3 Bd6 42. Kg2 Kb4 43. Kh3 f4 44. Kg4 Kb5 45. Kf5 Kc6 46. Ke6 Bb4 47. Nf3 Bf8 48. Kf7 Bd6 49. Ke8 Kb5 50. f7 Kc4 51. f8Q Bxf8 52. Kxf8 Kb3 53. Ke7 Kxb2 54. Ke6 Kc3 55. Kf5 Kc4 56. Kxf4 Kd3 57. Ke5 Kc4 58. Kd6 1-0

[Event "Taastrup op"]
[Site "Taastrup"]
[Date "2000.01.21"]
[Round "1"]
[White "Petersen, Steen Brustrup"]
[Black "Theander, Stig"]
[Result "1-0"]
[WhiteElo "2174"]
[BlackElo "1546"]
[PlyCount "71"]
[EventDate "2000.01.21"]
[EventType "swiss"]
[EventRounds "9"]
[EventCountry "DEN"]
[SourceTitle "EXT 2001"]
[Source "ChessBase"]
[SourceDate "2000.11.22"]
[SourceVersion "1"]
[SourceVersionDate "2000.11.22"]
[SourceQuality "1"]

1. e4 Nf6 2. e5 Nd5 3. d4 d6 4. Nf3 Nc6 5. Be2 Bg4 6. 0-0 g6 7. exd6 cxd6 8. h3 Bd7 9. c4 Nf6 10. Nc3 Bg7 11. Bg5 Qa5 12. Re1 h6 13. Be3 0-0 14. a3 Rac8 15. b4 Qd8 16. Rc1 Bf5 17. d5 Nb8 18. Nd4 Bd7 19. Bd3 a6 20. Qd2 Kh7 21. Nb3 e5 22. f3 Nh5 23. Ne4 Qe7 24. c5 f5 25. Nxd6 f4 26. Bf2 Qg5 27. Ne4 Qe7 28. Qc2 Ba4 29. Qa2 Nf6 30. Nbd2 Qf7 31. Nxf6+ Bxf6 32. Ne4 Be7 33. Bc4 Bb5 34. Bb3 Qf5 35. d6 Bd8 36. Be6 1-0